Tour de France - Cities with most Stage Hosts - Statistics

General Stats
  • This quiz has been taken 90 times
  • The average score is 10 of 20
Answer Stats
N. of stage hosts Most recent Answer % Correct
148 2025 Paris
100%
36 2017 Marseille
88%
43 2024 Nice
86%
81 2023 Bordeaux
80%
77 2025 Pau
74%
29 2025 Toulouse
67%
30 2008 Nantes
59%
30 2021 Brest
56%
40 2020 Grenoble
54%
32 2025 Montpellier
54%
30 2022 L'Alpe d'Huez
36%
28 2022 Saint-Étienne
36%
36 2009 Perpignan
32%
40 2012 Metz
28%
26 2018 Roubaix
27%
35 2006 Caen
26%
33 2023 Bayonne
21%
36 2022 Briançon
19%
61 2025 Bagnères-de-Luchon
17%
31 2021 Belfort
2%
No matching quizzes found
Score Distribution
Percent of People with Each Score
Percentile by Number Answered
Your Score History
You have not taken this quiz